000 00311nam a2200133 i 4500
001 bg
100 1 _aKOZACZUK, Władysław
245 0 _aWermacht 1933-1939 /
_cWładysław Kozaczuk.
260 _aWarszawa,
_c1978.
040 _cBPK
041 _apol
942 _cKS
008 s pl f |000 0 pol
999 _c9711
_d9711
856 _uhttp://koha.tu.koszalin.pl/cgi-bin/koha/opac-detail.pl?biblionumber=9711
_yKatalog online BPK